| 000 | 01006nam a2200277 4500 | ||
|---|---|---|---|
| 003 | EG-GICUC | ||
| 005 | 20260429171216.0 | ||
| 008 | 260429s1998 jo ||||fr|||| 00| 0 ara d | ||
| 040 |
_a EG-GICUC _bara _c EG-GICUC _d EG-GICUC _erda |
||
| 082 | 0 | 4 |
_221 _a343.82 _bأ ك . ع |
| 092 | 0 | 4 | _221 |
| 099 | _aLaw 10 343.82 أ ك . ع 1998 | ||
| 100 | 0 |
_aأكرم نشأت ابراهيم. _eAuthor. |
|
| 245 | 1 | 0 |
_aعلم النفس الجنائي / _cاعداد أكرم نشأت ابراهيم. |
| 264 | 1 |
_aالاردن: _bمكتبة دار الثقافة , _c1998. |
|
| 300 |
_a206 صفحة _bإيضاحيات، صور، مثيليات ؛ _c24 سم |
||
| 336 |
_2rda content _atext |
||
| 337 |
_2rda media _aComputer |
||
| 338 |
_2rda carrier _aOnline Resource |
||
| 504 | _a. 240-220 ببليوجرافيا: صفحات. | ||
| 650 | 1 |
_aالقانون الجنائي _2qrmak |
|
| 651 | 1 | _2qrmak | |
| 856 | 4 | 0 | _uhttps://fll.law.cu.edu.eg/fulltext/bks/B10-04114.pdf |
| 905 | _a31 | ||
| 942 |
_2ddc _n0 _cBK _e21 |
||
| 999 |
_c74288 _d74288 |
||